Vplyv fiktívnych živností na sociálno-ekonomickú situáciu v Slovenskej republike

Rozbor motivácie, vedúcej k využívaniu fiktívnych živností a identifikovanie opatrení, ktoré by eliminiovali tieto praktiky a prispeli k spravodlivejšiemu dôchodkovému systému. Fiktívny živnostník platí minimálne odvody, čo mu zaručuje nárok na minimálny dôchodok, avšak v nesúlade s jeho skutočným p...

Descrizione completa

Salvato in:
Dettagli Bibliografici
Autore principale: Sika, Peter, 1975-
Natura: Capitolo di libro
Lingua:slovacco
Soggetti:
Tags: Aggiungi Tag
Nessun Tag, puoi essere il primo ad aggiungerne!!

MARC

LEADER 00000naa$a2200000$$$4500
001 0314087
005 20260116103558.8
041 0 |a slo 
044 |a SK 
245 1 0 |a Vplyv fiktívnych živností na sociálno-ekonomickú situáciu v Slovenskej republike  |c Peter Sika 
520 |a Rozbor motivácie, vedúcej k využívaniu fiktívnych živností a identifikovanie opatrení, ktoré by eliminiovali tieto praktiky a prispeli k spravodlivejšiemu dôchodkovému systému. Fiktívny živnostník platí minimálne odvody, čo mu zaručuje nárok na minimálny dôchodok, avšak v nesúlade s jeho skutočným príspevkom do systému. Tento jav ohrozuje spravodlivosť a dlhodobú udržateľnosť dôchodkového systému v Slovenskej republike. 
610 2 0 |a systém 
610 2 0 |a systémy sociálne 
610 2 0 |a dôchodky 
610 2 0 |a živnosti 
610 2 0 |a živnostníci 
610 2 0 |a dôsledky sociálne 
610 2 0 |a odvody 
610 2 0 |a Slovensko 
100 1 |a Sika, Peter, 1975-